Are You Smarter Than a College Student? VIII Quiz Stats

 Plays Quiz Updated Nov 27, 2017

Score 0/30 Timer 07:00
12 Plays Today
Question % Correct
Easyspoon, fork
98.5%
EasyApple, Inc.
97.3%
Easyhedgehog
94.8%
Easyheart
94.6%
Easybeer
94%
Easyviola, cello
93.6%
EasyNovember
91.1%
EasyCommunist
90.6%
Easytomorrow
87.7%
EasySpain
86%
Mediumpoint
82%
Mediumadverb
80.1%
MediumArabic
79.7%
MediumHenry VIII
78.8%
MediumFranklin Roosevelt
75%
Question % Correct
MediumAlberta
73.6%
MediumParis
73.5%
Mediumsquare
73.1%
MediumSwitzerland
69.9%
Mediumsomebody
69.3%
HardOedipus
68.4%
HardJohn Paul II
61.2%
Hardmagenta
55.1%
Hardbear
54.1%
Hardhat trick
51.8%
HardIsaac Newton or Gottfried Leibniz
42.9%
HardBrussels, Strasbourg, Luxembourg
41.6%
Hardtungsten
39.8%
HardR.E.M.
36.8%
HardDiesel
22.1%

You're not logged in!

Compare scores with friends on all Sporcle quizzes.
OR
Log In

Sporcle TV

Today on Sporcle TV


Watch our educational content, quiz creation guides, and fun videos on Sporcle TV.

Show Comments

Extras

Top Quizzes Today


Score Distribution

Your Account Isn't Verified!

In order to create a playlist on Sporcle, you need to verify the email address you used during registration. Go to your Sporcle Settings to finish the process.

Report this User

Report this user for behavior that violates our Community Guidelines.

Details: